Non di questi tempi /

Guardat en:
Dades bibliogràfiques
Autor principal: Furesi, Stefano Daniel (Autor)
Format: Llibre
Idioma:italià
Publicat: Cagliari : La Riflessione, 2010
Col·lecció:Narrativa
Etiquetes: Afegir etiqueta
Sense etiquetes, Sigues el primer a etiquetar aquest registre!

MARC

LEADER 00000nam a2200000 i 4500
001 IT\ICCU\CAG\1809146
003 ItRI
005 20260115232123.0
008 110304s2010 it |||||| ||||| |||||c
020 |a 9788862113953 
040 |b ita  |c importazione bologna sebina 
041 7 |a ita  |2 ISO-639-2 
100 1 |a Furesi, Stefano Daniel  |0 IT\ICCU\CAGV\661455  |4 aut 
245 1 0 |a Non di questi tempi /  |c Stefano Daniel Furesi. 
260 |a Cagliari :  |b La Riflessione,  |c 2010 
300 |a 137 p. ;  |c 21 cm. 
830 0 |a Narrativa  |0 IT\ICCU\CAG\1789300 
942 |2 ddc  |c BK  |n 0 
952 |0 0  |1 0  |4 0  |6 DOC_853_920000000000000_FUR  |7 0  |9 20417  |a BO  |b BO  |d 2026-01-15  |i 16024  |l 0  |o DOC 853.92 FUR  |p BO16024  |r 2026-01-15 23:21:23  |w 2026-01-15  |x [Sebina 5] [1 v.]  |y BK  |z 1 v. 
999 |c 17424  |d 17424